| 000 | 00615nam a2200181Ia 4500 | ||
|---|---|---|---|
| 003 | IN-BaIIA | ||
| 008 | 211028s9999 xx 000 0 eng d | ||
| 040 | _cIIA Library | ||
| 080 |
_a083:53 _bINT-VI |
||
| 110 |
_aNational Research Council _92708 |
||
| 245 | 0 |
_aInternational critical tables of numerical data, physics, chemistry and technology _bvol. VI _cedited by E. W Washburn |
|
| 260 |
_aNew York _bMcGraw-Hill _c1929 |
||
| 300 | _ax, 471p. | ||
| 650 | _aNASA Thesaurus | ||
| 650 |
_aTables - numerical data _92709 |
||
| 700 |
_aWashburn, E. W., ed. _92710 |
||
| 942 | _cBK | ||
| 999 |
_c1313 _d1313 |
||